Nœuds par image - Statistiques

Statistiques générales
  • Ce quiz a été pris 46 fois
    37 depuis la dernière actualisation
  • Le résultat moyen est 4 sur 15
Statistiques - réponses
Par images Réponse % Correct
Nœud de huit
86%
Demi-nœud
62%
Nœud de chaise
59%
Nœud plat
48%
Nœud de cabestan
38%
Nœud de pêcheur
28%
Nœud de vache
21%
Nœud de jambe de chien
17%
Nœud de tisserand
14%
Nœud de capucin
10%
Nœud de Carrick
10%
Nœud de tête d'alouette
10%
Nœud double
10%
Nœud de patte d'oie
7%
Nœud de tête de bigue
7%
Aucun quiz correspondant
Distribution des résultats
% des personnes avec chaque résultat
Percentile par nombre de réponses
Votre historique - résultats
Vous n’avez pas pris ce quiz depuis la dernière actualisation